Significado y símbolo de Al-Andalus / (Record no. 183668)

MARC details
000 -LEADER
campo de control de longitud fija 01186nam a2200289 i 4500
001 - NÚMERO DE CONTROL
campo de control 183668
003 - IDENTIFICADOR DE NÚMERO DE CONTROL
campo de control ES-MaACL
005 - FECHA Y HORA DE LA ÚLTIMA TRANSACCIÓN
campo de control 20240201133423.0
008 - DATOS DE LONGITUD FIJA--INFORMACIÓN GENERAL
campo de control de longitud fija 140917s2011 sp | |||||||| | spa d
020 ## - NÚMERO INTERNACIONAL ESTÁNDAR DEL LIBRO
Número Internacional Estándar del Libro 978-84-936751-7-2 (Fundación Ibn Tufayl de Estudio Árabes)
020 ## - NÚMERO INTERNACIONAL ESTÁNDAR DEL LIBRO
Número Internacional Estándar del Libro 978-84-86514-70-9 (CantArabia)
080 ## - NÚMERO DE LA CLASIFICACIÓN DECIMAL UNIVERSAL
Número de la Clasificación Decimal Universal 008(460=411.21)
100 1# - ENTRADA PRINCIPAL--NOMBRE DE PERSONA
Nombre de persona Martínez Montávez, Pedro.
9 (RLIN) 78252
245 10 - MENCIÓN DEL TÍTULO
Título Significado y símbolo de Al-Andalus /
Mención de responsabilidad, etc. Pedro Martínez Montávez.
260 ## - PUBLICACIÓN, DISTRIBUCIÓN, ETC.
Lugar de publicación, distribución, etc. [Almería] :
Nombre del editor, distribuidor, etc. Fundación Ibn Tufayl de Estudio Árabes ;
Lugar de publicación, distribución, etc. [Madrid] :
Nombre del editor, distribuidor, etc. CantArabia,
Fecha de publicación, distribución, etc. D.L. 2011.
300 ## - DESCRIPCIÓN FÍSICA
Extensión 412 p. ;
Dimensiones 24 cm.
490 1# - MENCIÓN DE SERIE
Mención de serie Estudios andalusíes ;
Designación de volumen o secuencia 6
490 1# - MENCIÓN DE SERIE
Mención de serie Estudios y ensayos ;
Designación de volumen o secuencia 10 ;
-- CantArabia
500 ## - NOTA GENERAL
Nota general Índice onomástico.
651 #7 - PUNTO DE ACCESO ADICIONAL DE MATERIA--NOMBRE GEOGRÁFICO
Nombre geográfico Al-Andalus-
Subdivisión general Civilización.
9 (RLIN) 7608
830 0# - PUNTO DE ACCESO ADICIONAL DE SERIE-TÍTULO UNIFORME
Título uniforme Estudios andalusíes ;
Designación de volumen o secuencia 6
9 (RLIN) 225012
830 0# - PUNTO DE ACCESO ADICIONAL DE SERIE-TÍTULO UNIFORME
Título uniforme Estudios y ensayos ;
Designación de volumen o secuencia 10 ;
-- CantArabia
9 (RLIN) 181863
852 ## - LOCALIZACIÓN
Ubicación ES-MaACL
Número de control de estantería A-13251
itemnumber 190614
Sublocalización o colección R.150078
Ubicación en estantería Depósito 1
Signatura antigua Olim: N-6251
Anotaciones manuscritas Dedicatoria autógrafa del autor
Donativo/Legado Donación: Carlos Paris
903 ## - NOMBRE PERSONAL DE DONANTE
a París, Carlos,
d 1925-2014
q 1
e Donante
9 89133
942 ## - ELEMENTOS DE ENTRADA SECUNDARIOS (KOHA)
Fuente del sistema de clasificación o colocación Clasificación decimal universal
Tipo de ítem Koha Libro impreso
Holdings
Estatus retirado Estado de pérdida Fuente del sistema de clasificación o colocación Estado de daño No para préstamo Colección Biblioteca de origen Biblioteca actual Ubicación en estantería Fecha de adquisición Fuente de adquisición Número de control de estantería Total de préstamos Signatura topográfica completa Código de barras Visto por última vez Precio de reemplazo Tipo de ítem Koha Nota pública
    Clasificación decimal universal     Libros con dedicatorias Biblioteca del Ateneo de Madrid Biblioteca del Ateneo de Madrid Depósito 1 17/09/2014 Donación 1   A-13251 1193090 23/02/2023 23/02/2023 Libro impreso Dedicatoria autógrafa del autor